000 00737nam a2200217 a 4500
003 BD-DhJNU
005 20251104061936.0
008 251001s2005 ii a b 001 0 eng
020 _a0813191262
040 _aBD-DhJNU
_bENG
_cBD-DhJNU
_dBD-DhJNU
082 0 0 _a791.436 HOL
_223
245 1 0 _aHollywood's White House :
_bthe American presidency in film and history /
_cedited by Peter C. Rollins and John E. O'Connor
250 _a5th ed.
260 _aLexington :
_bUniversity Press of Kentucky,
_c2005.
300 _axv, 441 p. :
_bill. ;
_c25 cm.
504 _aIncludes bibliographical references and index.
650 0 _aPolitical cinema
710 1 _aRollins, Peter C.
_eEditor
710 1 _aO'Connor, John E.
_eEditor
942 _cBK
999 _c2339
_d2339